000 00455nam a22001817a 4500
003 MPLRDC
005 20220104114152.0
008 210129b ||||| |||| 00| 0 eng d
082 _a861.57 SDYJF-7
100 _a三岛由纪夫
245 _a幸福号起航
_c刘华亭译
250 _a初版
260 _a
_b星光出版社
_c1986
300 _b
490 _a双子星丛书. 419
650 _a日本现代小说
942 _cBK
_o861.57 SDYJF-7
999 _c5365
_d5355